Countries Where The Most Young Adults Live With Their Parents - Statistics

General Stats
  • This quiz has been taken 91 times
  • The average score is 6 of 10
Answer Stats
$ Country % Correct
66.6 United States
88%
52.4 United Kingdom
86%
73.6 Spain
84%
80.6 Italy
83%
53.5 France
81%
76.3 Greece
67%
53.5 Australia
59%
70.3 Czech Republic
24%
76.4 Slovenia
20%
60.7 Chile
16%
No matching quizzes found
Score Distribution
Percent of People with Each Score
Percentile by Number Answered
Your Score History
You have not taken this quiz